000 00794cam a22002537a 4500
003 CHAP
005 20220329135802.0
008 971013s1965 r 00010 d
010 _a42083
011 _a43055
035 _a47185
040 _cCHAP
090 _aFolleto 129
110 _aE.U.A. Department of Agriculture
_934876
245 1 3 _aLa fiebre aftosa ; una amenaza del exterior contra el ganado de los Estados Unidos y Latinoamericana
260 _aMéxico, D. F. :
_bCentro Regional de Ayuda Técnica,
_c1965
300 _a8 p.
_b: ilus.
590 _aBATCH-UPD
_b10
_c20130110
_lUCH01
_h2011
590 _aCONVERSION
_b10
_c20130109
_lUCH01
_h1323
650 1 4 _aFiebre aftosa.
_940737
901 _aBK
942 _cFOLL
949 _aFolleto 129
_bBC
_cFOLL
_d-107295
_eTS1
_i47185
_si
999 _c42083
_d42083